The dynamics and thermodynamics of compressible fluid flow / (Record no. 8725)

MARC details
000 -LEADER
fixed length control field 01008pam a2200289 a 4500
001 - CONTROL NUMBER
control field 2806091
003 - CONTROL NUMBER IDENTIFIER
control field OSt
005 - DATE AND TIME OF LATEST TRANSACTION
control field 20240624103851.0
008 - FIXED-LENGTH DATA ELEMENTS--GENERAL INFORMATION
fixed length control field 820913r19831953flua b 001 0 eng
010 ## - LIBRARY OF CONGRESS CONTROL NUMBER
LC control number 82017967
020 ## - INTERNATIONAL STANDARD BOOK NUMBER
International Standard Book Number 0898745667
040 ## - CATALOGING SOURCE
Original cataloging agency MUST LIBRARY
Transcribing agency MUST
Modifying agency MUST
050 00 - LIBRARY OF CONGRESS CALL NUMBER
Classification number QA913
Item number .S4972 1983
082 00 - DEWEY DECIMAL CLASSIFICATION NUMBER
Classification number 536
Edition number 19
Item number SHA
100 1# - MAIN ENTRY--PERSONAL NAME
Personal name Shapiro, Ascher H.
9 (RLIN) 17638
245 14 - TITLE STATEMENT
Title The dynamics and thermodynamics of compressible fluid flow /
Statement of responsibility, etc. by Ascher H. Shapiro.
250 ## - EDITION STATEMENT
Edition statement Reprint ed., with corrections.
260 ## - PUBLICATION, DISTRIBUTION, ETC. (IMPRINT)
Place of publication, distribution, etc. Malabar, Fla. :
Name of publisher, distributor, etc. R.E. Krieger,
Date of publication, distribution, etc. 1983.
300 ## - PHYSICAL DESCRIPTION
Extent xi, 647 P. ;
Other physical details ill. ;
Dimensions 24 cm.
500 ## - GENERAL NOTE
General note Reprint of v. 2 of the 2 volume work. Originally published: New York : Ronald Press Co., 1953. With new introd.
504 ## - BIBLIOGRAPHY, ETC. NOTE
Bibliography, etc Includes bibliographical references and index.
650 #0 - SUBJECT ADDED ENTRY--TOPICAL TERM
Topical term or geographic name as entry element Fluid dynamics.
9 (RLIN) 4940
650 #0 - SUBJECT ADDED ENTRY--TOPICAL TERM
Topical term or geographic name as entry element Thermodynamics.
740 0# - ADDED ENTRY--UNCONTROLLED RELATED/ANALYTICAL TITLE
Uncontrolled related/analytical title Compressible fluid flow.
906 ## - LOCAL DATA ELEMENT F, LDF (RLIN)
a 7
b cbc
c orignew
d 1
e ocip
f 19
g y-gencatlg
942 ## - ADDED ENTRY ELEMENTS (KOHA)
Source of classification or shelving scheme Dewey Decimal Classification
Koha item type Open Shelf
Holdings
Withdrawn status Lost status Source of classification or shelving scheme Damaged status Not for loan Home library Current library Date acquired Source of acquisition Inventory number Total Checkouts Full call number Barcode Date last seen Price effective from Koha item type
    Dewey Decimal Classification     MUST Main Library MUST Main Library 24/06/2024 Purchase 98/11965   536 SHA 2024-21056 24/06/2024 24/06/2024 Open Shelf